000 00856nam a2200265Ia 4500
003 OSt
005 20220923213632.0
006 a|||||r|||| 00| 0
007 ta
008 220922b |||||||| |||| 00| 0 hin d
024 _a163,692
037 _cTextual
040 _aARTS
_cARTS
_bhin
041 _2hin
_ahin
082 _aO152,1N133x, L1;L9
100 _aमिश्र, भवानी प्रसाद
245 0 _aबुनी हुई रस्सी
246 _aBunī huī rassī
250 _aसंस्क0 2
260 _aदिल्ली
_b सरला प्र का0
_c1979
300 _a127 पृ.
_ccm.
650 _aहिन्दी साहित्य
_9156264
942 _hO152,1N133x, L1;L9
_cTEXL
_2CC
999 _c318172
_d318172